L'Ensenyament de la prehistòria : a la Xarxa de Museus Locals de la Diputació de Barcelona a la Xarxa de Museus Locals de la Diputació de Barcelona
Descripción Física:
1 f. plegat en 3 parts : il. col., ; 21 cm pleg., 42 x 45 cm despleg.
MARC
| LEADER | 00000nam a2200000Ia 4500 | ||
|---|---|---|---|
| 001 | 23193 | ||
| 008 | 160829s2011 xx 000 0 cat d | ||
| 080 | |a FU-59-50 | ||
| 245 | |a L'Ensenyament de la prehistòria : |b a la Xarxa de Museus Locals de la Diputació de Barcelona | ||
| 260 | |a Barcelona : |b Diputació de Barcelona. Àrea de Cultura, |c 2011 | ||
| 300 | |a 1 f. plegat en 3 parts : |b il. col., ; |c 21 cm pleg., 42 x 45 cm despleg. | ||
| 650 | |a Xarxa de Museus Locals | ||
| 650 | |a Prehistòria |x Ensenyament |9 50063 | ||
| 710 | 1 | |a Barcelona (Catalunya : Província). |b Xarxa de Museus Locals |9 52963 | |
| 710 | 1 | |a Barcelona (Catalunya : Província). |b Àrea de Cultura |9 53536 | |
| 901 | |a Arxiu | ||
| 942 | |n 1 | ||
| 952 | |0 0 |1 0 |4 0 |6 FU5950 |7 1 |9 53227 |a Arxiu |b Arxiu |d 2016-12-01 |l 0 |o FU-59-50 |p 23193 |r 2016-12-01 00:00:00 |w 2016-12-01 |y ARXIU | ||
| 999 | |c 57076 |d 57076 | ||